000 00854nam a22001935i 4500
001 164611
003 ES-MaACL
005 20230906212953.0
008 050729s1870 sp | |||||||| ||spa d
040 _aCAM
_bspa
_cCAM
100 1 _aSánchez y Albarran, José.
_9133035
245 1 3 _aLa perla
_b: zarzuela original en tres actos /
_cescrita por José Sanchez y Albarran ; música del maestro español Ventura Sánchez de Madrid.
260 _aCádiz :
_b[s.n.],
_c1870 (
_fImprenta de la Revista Médica)
300 _a70 p. ;
_c18 cm.
500 _aEn port.: Representada en el Teatro Principal de Málaga.
500 _aSolo la letra.
700 1 _aSánchez de Madrid, Ventura.
_9133026
852 _aES-MaACL
_jF-8580(8)
_z-- Enc. pasta española
_z-- Enc. en un vol. facticio formando parte de la col. facticia "Teatro español moderno", vol. 33
999 _c164611
_d164611